|
|
|
|
| LEADER |
01012ncm a22002772a 4500 |
| 001 |
001099457 |
| 003 |
CZ BrMZK |
| 005 |
20110328141019.0 |
| 007 |
qu |
| 008 |
100531s1956 xr |||||||||||||||||zxx d |
| 015 |
|
|
|a cnb001941630
|
| 040 |
|
|
|a BOA001
|b cze
|
| 072 |
|
7 |
|a 785
|x Instrumentální hudba. Symfonická hudba. Hudba pro více nástrojů
|2 Konspekt
|9 9
|
| 100 |
1 |
|
|a Javurek, Ladislav
|4 cmp
|
| 245 |
1 |
0 |
|a Svatební polka
|h [hudebnina] :
|b (Zvoleněvská) /
|c Ladislav Javurek. Pro Karlíčka : valčík / Karel Vlasák
|
| 250 |
|
|
|a 1. vyd.
|
| 260 |
|
|
|a Praha :
|b Státní nakladatelství krásné literatury, hudby a umění,
|c 1956
|
| 300 |
|
|
|a 18 hlasů
|
| 490 |
1 |
|
|a Universální orchestr ;
|v 190
|
| 700 |
1 |
|
|a Vlasák, Karel,
|d 1922-
|7 jx20090908079
|4 cmp
|
| 740 |
0 |
2 |
|a Pro Karlíčka
|
| 830 |
|
0 |
|a Universální orchestr (SNKLHU)
|
| 910 |
|
|
|a BOA001
|b Mus3-0358.958
|
| 990 |
|
|
|a MU
|
| 991 |
|
|
|b 201103
|
| 996 |
6 |
|
|b 2619449080
|c Mus3-0358.958
|l MZK
|r Sklad / do 1 hodiny
|n 0
|w 001125813
|u 000010
|a 1
|e BOA001
|j MZK50
|s P
|